İçeriği atla
Inicio
Centros participantes
Catálogo
Servicios
Contacto
Giriş
English
Deutsch
Español
Français
Italiano
日本語
Nederlands
Português
Português (Brasil)
中文(简体)
中文(繁體)
Türkçe
עברית
Gaeilge
Cymraeg
Ελληνικά
Català
Euskara
Русский
Čeština
Suomi
Svenska
polski
Dansk
slovenščina
اللغة العربية
বাংলা
Galego
Tiếng Việt
Hrvatski
हिंदी
Հայերէն
Українська
Sámegiella
Dil
Tüm Alanlar
Materyal Adı
Yazar
Konu
Yer Numarası
ISBN/ISSN
Etiket
Ara
Gelişmiş
Visión panorámica de la admini...
Alıntıla
E-posta Gönder
Yazdır
Kaydı İhraç Et
İhraç Et RefWorks
İhraç Et EndNoteWeb
İhraç Et EndNote
Favorilerime ekle
Kalıcı bağlantı
İlk derecelendirmeyi ekleyin
Visión panorámica de la administración Carazo
Kaydedildi:
Detaylı Bibliyografya
Yazar:
Alfaro, José Miguel
Müşterek Yazar:
UNA. Facultad de Filosofía y Letras. Instituto de Estudios Latinoamericanos
Materyal Türü:
Metin
Baskı/Yayın Bilgisi:
San José:
s.e.
Etiketler:
Etiketle
Etiket eklenmemiş, İlk siz ekleyin!
Erişim Bilgileri
Diğer Bilgiler
Yorumlar
Benzer Materyaller
MARC Görünümü
MARC
LEADER
00000 a a2200000 04500
001
24369
003
040
090
|a
166800
100
|a
Alfaro, José Miguel
110
|a
UNA. Facultad de Filosofía y Letras. Instituto de Estudios Latinoamericanos
245
|a
Visión panorámica de la administración Carazo
260
|a
San José:
|b
s.e.
300
|a
44 p.; n. 1
999
|c
12006
|d
12006
Benzer Materyaller
La acumulación a escala mundial crítica de la teoría del subdesarrollo
Yazar:: Amin, Samir
El Subbdesarrollo y la via del desarrollo
Yazar:: Pérez, Humberto
Centro América: Zona de conmociones
Yazar:: Dolgov, Vladimir
Mi Quito tiene un sol grande. Entrevistas al Alcalde Paz y a su equipo de trabajo
El Intercambio desigual
Yazar:: Emmanuel, Arghiri